| 000 | 00554nam a2200217Ia 4500 | ||
|---|---|---|---|
| 003 | OSt | ||
| 005 | 20251004161706.0 | ||
| 008 | 210423s2007 xx 000 0 und d | ||
| 020 | _a8175540761 | ||
| 040 | _cAL | ||
| 041 | _aEnglish | ||
| 082 |
_a302.2 _bMCMH |
||
| 100 |
_aSandy MacMillan _981780 |
||
| 245 | _aHow to be a better communicator | ||
| 260 |
_aNew Delhi _bKogan Page Ltd _c2007 |
||
| 300 |
_aviii,128 _bPB |
||
| 365 |
_b135 _cINR |
||
| 650 |
_aCommunication _981781 |
||
| 906 | _abe ; better ; communicator. ; How | ||
| 942 |
_2ddc _cBK |
||
| 999 |
_c157850 _d157850 |
||